2022 Collingwood Magpies AFL Team Quiz - Statistics

General Stats
  • This quiz has been taken 831 times
    646 since last reset
  • The average score is 23 of 43
Answer Stats
No. Answer % Correct
7 Josh Daicos
91%
35 Nick Daicos
90%
5 Jamie Elliot
88%
2 Jordan De Goey
88%
10 Scott Pendlebury
87%
46 Mason Cox
82%
30 Darcy Moore
79%
37 Brayden Maynard
78%
22 Steele Sidebottom
78%
3 Isaac Quaynor
75%
1 Patrick Lipinski
74%
4 Brodie Grundy
73%
33 Jack Ginnivan
73%
25 Jack Crisp
68%
9 John Noble
68%
13 Taylor Adams
67%
14 Darcy Cameron
66%
32 Will Hoskin-Elliot
62%
38 Jeremy Howe
59%
41 Brody Mihocek
58%
28 Nathan Murphy
55%
8 Trent Bianco
52%
40 Ash Johnson
50%
6 Tyler Brown
47%
17 Callum Brown
46%
31 Beau McCreery
42%
16 Oliver Henry
36%
12 Tom Wilson
36%
21 Trey Ruscoe
34%
26 Reef McInnes
33%
15 Nathan Krueger
32%
18 Finlay McRae
29%
39 Aiden Begg
28%
36 Harvey Harrison
28%
44 Jack Madgen
28%
20 Will Kelly
28%
24 Caleb Poulter
27%
43 Charlie Dean
27%
19 Arlo Draper
25%
23 Jordan Roughead
25%
34 Isaac Chugg
22%
27 Cooper Murley
21%
29 Liam McMahon
16%
No matching quizzes found
Score Distribution
Percent of People with Each Score
Percentile by Number Answered
Your Score History
You have not taken this quiz since the last reset